000 00204nam a2200085Ia 4500
008 120527s9999 xx 000 0 und d
100 _aCURTIS, Val
245 _aWomen and the transport of water
942 _cBK
999 _c25180
_d25180